000 00506nam a2200169 4500
001 139086
003 ES-MaACL
005 20230906195711.0
007 t|
008 070214s1976 sp r ||||1| spa d
100 1 _aSarasola, Ibon.
_9103768
245 1 0 _aHistoria social de la literatura vasca /
_cIbon Sarasola ; traducción de Jesús Antonio Cid.
260 _aMadrid :
_bAkal,
_c1976.
300 _a183 p. ;
_c18 cm.
700 1 _aCid, Jesús Antonio.
_938760
852 _aES-MaACL
_jA-7006
_bR.95791
999 _c139086
_d139086